| 000 | 00521cam a2200157 4500500 | ||
|---|---|---|---|
| 005 | 20260322004213.0 | ||
| 041 | _afre | ||
| 042 | _adc | ||
| 100 | 1 | 0 |
_aCoron, Clotilde _eauthor |
| 700 | 1 | 0 |
_aCharreire-Petit, Sandra _eauthor |
| 245 | 0 | 0 | _aArguing for exploratory quantitative research in HRM and management |
| 260 | _c2026. | ||
| 500 | _a2 | ||
| 786 | 0 | _n@GRH | Pub. anticipées | 2026-03-05 | p. I8-XXIII | 2034-9130 | |
| 856 | 4 | 1 | _uhttps://shs.cairn.info/revue-agrh1-2025-0-page-I8?lang=fr&redirect-ssocas=7080 |
| 999 |
_c1738314 _d1738314 |
||